01808nam a2200265 u 4500001000800000005001700008007001000025008004100035035001200076040001300088041000800101080000700109100004400116245019300160260003900353300001300392520067100405650002701076650006801103650003801171650003301209700004801242856006101290500019101351144832820260508090734.0co|||||||160818s2016 spa  a1448328 ccomduadb aspa aWA10aMartinez Naranjo, Juan Camilo4auteaut10aActualización del Plan de Gestión Integral de Residuos Hospitalarios y Similares de la Central de Procesamiento del Laboratorio Médico Echavarría S.A.S. Medellín, Antioquia, 2016 aMedellín :bAutores (as),c2016. a1 CD-ROM3 aRESUMEN: En el presente trabajo trata sobre la actualización del Plan de Gestión Integral de Residuos Hospitalarios y Similares generados en la Central de Procesamiento del Laboratorio Medico Echavarría en el municipio de Medellín teniendo en cuenta la política ambiental establecida por la organización en la cual se compromete con el medio ambiente, con el cumplimiento a la legislación ambiental aplicable y el control y minimización de riesgos generados por los residuos. Este trabajo se realizó presencial con la autorización de la alta gerencia de la organización y con el apoyo de una asesoría brindada por la Universidad de Antioquia. aResiduos hospitalarios aPlan de Gestión de Residuos Hospitalarios y Similares (PGIRH) aLaboratorio Médico Echavarría 7aLaboratorios clínicos2dcs10aJaramillo Ramirez, Laura Catalina4thseths4 uhttps://bibliotecadigital.udea.edu.co/handle/10495/30663 aTesis (Administrador de Servicios de Salud con Énfasis en Gestión Sanitaria y Ambiental). Universidad de Antioquia. Facultad Nacional de Salud Pública - Título del grado otorgado